<?xml version="1.0" encoding="UTF-8"?>
<record
    xmlns:xsi="http://www.w3.org/2001/XMLSchema-instance"
    xsi:schemaLocation="http://www.loc.gov/MARC21/slim http://www.loc.gov/standards/marcxml/schema/MARC21slim.xsd"
    xmlns="http://www.loc.gov/MARC21/slim">

  <leader>00830nam a2200193Ia 4500</leader>
  <controlfield tag="008">191130s2008##################000#0#eng##</controlfield>
  <datafield tag="020" ind1=" " ind2=" ">
    <subfield code="a">9780077443535</subfield>
  </datafield>
  <datafield tag="040" ind1=" " ind2=" ">
    <subfield code="a">ACL</subfield>
    <subfield code="c">ACL</subfield>
  </datafield>
  <datafield tag="082" ind1=" " ind2=" ">
    <subfield code="a">650.01513 SLA</subfield>
  </datafield>
  <datafield tag="100" ind1=" " ind2=" ">
    <subfield code="a">Slater, Jeffrey</subfield>
  </datafield>
  <datafield tag="245" ind1=" " ind2=" ">
    <subfield code="a">Practical business math procedures</subfield>
    <subfield code="c">Jeffrey Slater</subfield>
  </datafield>
  <datafield tag="250" ind1=" " ind2=" ">
    <subfield code="a">10th ed</subfield>
  </datafield>
  <datafield tag="260" ind1=" " ind2=" ">
    <subfield code="a">Boston, MA</subfield>
    <subfield code="b">McGraw-Hill/Irwin</subfield>
    <subfield code="c">c2008</subfield>
  </datafield>
  <datafield tag="500" ind1=" " ind2=" ">
    <subfield code="a">Includes index. Accompanied by: Business math handbook and a four folded page insert. System requirements for accompanying computer disc: PC Pentilum based processor or equivalent; Microsoft Windows 2000/XP, 512MB of RAM, Microsoft; Offixe XP or better; Internet Explorer 6 or better</subfield>
  </datafield>
  <datafield tag="650" ind1=" " ind2=" ">
    <subfield code="a">Business mathematics - Problems, exercises, etc</subfield>
  </datafield>
  <datafield tag="990" ind1=" " ind2=" ">
    <subfield code="a">c65844f8ac10000c41b08ab2cfce352d</subfield>
  </datafield>
  <datafield tag="991" ind1=" " ind2=" ">
    <subfield code="a">359656</subfield>
  </datafield>
  <datafield tag="999" ind1=" " ind2=" ">
    <subfield code="c">283712</subfield>
    <subfield code="d">283712</subfield>
  </datafield>
  <datafield tag="952" ind1=" " ind2=" ">
    <subfield code="0">0</subfield>
    <subfield code="1">0</subfield>
    <subfield code="4">0</subfield>
    <subfield code="7">0</subfield>
    <subfield code="a">ACL</subfield>
    <subfield code="b">ACL</subfield>
    <subfield code="c">6A</subfield>
    <subfield code="d">2020-10-15</subfield>
    <subfield code="l">0</subfield>
    <subfield code="o">650.01513 SLA</subfield>
    <subfield code="p">437355</subfield>
    <subfield code="r">2020-10-15 00:00:00</subfield>
    <subfield code="w">2020-10-15</subfield>
    <subfield code="y">ENGLISH</subfield>
  </datafield>
</record>
